[Event "Guernsey op 46th"]
[Site "St James"]
[Date "2022.10.16"]
[Round "1"]
[White "Gravett, Alan David"]
[Black "Villiers, Thomas"]
[Result "1/2-1/2"]
[WhiteElo "1829"]
[BlackElo "2141"]
[PlyCount "136"]
[EventDate "2022.10.16"]
[EventType "swiss"]
[EventRounds "7"]
[EventCountry "GCI"]
[SourceTitle "EXT 2024"]
[Source "ChessBase"]
[SourceDate "2023.10.10"]
[SourceVersion "1"]
[SourceVersionDate "2023.10.10"]
[SourceQuality "1"]

1. g3 d5 2. Bg2 Nf6 3. Nf3 c5 4. 0-0 Nc6 5. d4 Bg4 6. dxc5 e5 7. c4 dxc4 8. Qa4 Bxc5 9. Nxe5 0-0 10. Nxg4 Nxg4 11. Qxc4 Qd4 12. Qxd4 Nxd4 13. Bxb7 Rab8 14. Be4 Nxe2+ 15. Kg2 Nxc1 16. Rxc1 Bd4 17. Nc3 Nxf2 18. Rc2 Nxe4 19. Nxe4 Rxb2 20. Rxb2 Bxb2 21. Rb1 Bd4 22. Rb7 g6 23. Rd7 Bb6 24. a4 Rd8 25. Rb7 h6 26. a5 Bd4 27. Rc7 Rd5 28. Rc4 f5 29. Nd2 Bb6 30. Nb3 Bxa5 31. Nxa5 Rxa5 32. Rc8+ Kf7 33. h4 Re5 34. Rc6 Re6 35. Rc7+ Re7 36. Rc6 h5 37. Kf3 Kg7 38. Ra6 Kh7 39. Kf2 Rg7 40. Kf3 Kg8 41. Rc6 Kf7 42. Kf4 Ke8 43. Ke5 Kd7 44. Ra6 Kc8 45. Kf6 Rc7 46. Kxg6 Kb7 47. Ra3 Kb6 48. Kxh5 Rg7 49. Rf3 a5 50. Rxf5 Rxg3 51. Rg5 Rh3 52. Kg4 Rh1 53. h5 a4 54. Rg6+ Kb5 55. Rf6 Rg1+ 56. Kh3 a3 57. Rf2 Rb1 58. Rh2 Ka4 59. h6 Rb3+ 60. Kg4 Rb4+ 61. Kg5 Rb5+ 62. Kf6 Rb2 63. Rh4+ Rb4 64. Rh1 a2 65. Ra1 Ka3 66. h7 Rb8 67. Kg7 Rb7+ 68. Kg8 Rb1 1/2-1/2